Statistics for Presidents Of Italy

Click here to take the quiz!

General Stats

  • This quiz has been taken 8 times
  • The average score is 9 of 12

Answer Stats

YearsPresidentParty% Correct
2015-Sergio MattarellaIndependent
100%
1948Enrico De NicolaItalian Liberal Party
88%
1985-1992Francesco CossigaChristian Democracy
88%
2006-2015Giorgio NapolitanoDemocrats of the Left / Independent
88%
1971-1978Giovanni LeoneChristian Democracy
88%
1978-1985Sandro PertiniItalian Socialist Party
88%
1999-2006Carlo Azeglio CiampiIndependent
75%
1962-1964Antonio SegniChristian Democracy
63%
1964-1971Giuseppe SaragatItalian Democratic Socialist Party
63%
1992-1999Oscar Luigi ScalfaroChristian Democracy
63%
1948-1955Luigi EinaudiItalian Liberal Party
50%
1955-1962Giovanni GronchiChristian Democracy
38%

Score Distribution

Percentile by Number Answered

Percent of People with Each Score

Your Score History

You have not taken this quiz